Обращение Патриарха Московского и всея России Тихона к архипастырям, пастырям и пасомым Православной церкви Российской. Донской ...

Доступно только в Электронных читальных залах Найти на картеНа карте
RUSMARC
00004938nac2a22003133x 450
00144be4cfa-1ee6-4547-9765-6e0682292d2f
00520250116094052.0
100##$a20241113l1923 k y0rusy50 ca
1010#$arus
102##$aRU
105##$ay z |||||
1220#$ad19230628
2001#$aОбращение Патриарха Московского и всея России Тихона к архипастырям, пастырям и пасомым Православной церкви Российской. Донской монастырь. 28 июня 1923 г., 1 с.
$j28 июня 1923
215##$a1 лист
$d40,3 х 26,5
251##$cДело
300##$aТипографский текст
330##$aВходит в раздел описи: Высшие органы церковного управления. Патриарх Всея Руси (патриаршество). Московская губерния. Поместные соборы
461#0$1001RuPRLIB520125045
$12001
$aКоллекция листовок советского периода
$1251
$cФонд
$1852
$gР
$j9550
462#0$1001b1107d29-58ea-4aa2-a2d5-2a00fc89cfad
$12001
$aЛистовки Русской православной церкви. 1918-1925 гг.
$vД. 15в
$1251
$cОпись
$1852
$j15
600#0$aТихон
$cПатриарх Московский и всея России
60102$3RU\NLR\AUTH\889926884
$aДонской монастырь
$cМосква
605##$3DITM\AF\0000003834
$aНарод
$lколлекция
$2acquisition_prlib
605##$3DITM\AF\0000002775
$aВласть
$lколлекция
$2acquisition_prlib
6101#$aАрхипастыри
$aПастыри
$aПасомые
$aПравославная церковь
$aПатриарх
$aМонастырь
$a28 июня 1923 г.
686##$a63.3(2)622-37ю18
$cИстория
$2rubbk
686##$a86.372.24ю18
$cРелигия
$2rubbk
801#0$aRU
$bGA_RF
801#1$aRU
$bГлавНИВЦ
$c20241113
$2rusmarc
801#2$aRU
$bПБ им. Б.Н. Ельцина
$c20250116
$gRCR
$2rusmarc
852##$aГА РФ
$j15
$lв
937##$d195800983
$hГАРФ
035##$aRuPRLIB51077499
856##$uhttp://readingroom.main.prlib.ru/item.aspx?id_node=n195800983&mode=full
Формат отображения